000 00547nam a22001817a 4500
005 20251108165900.0
008 250721s1980 xx 000 0 ara d
082 1 4 _aط/915.662/شري
100 1 _aالراس، شريف
245 1 0 _aصنعاء /
264 1 _aبيروت :
_bمركز دراسات الوحدة العربية،
_c1980.
300 _a16ص : مصور بالألوان
490 0 _aسلسلة ربوع بلادي ؛ 5
650 1 7 _aاليمن
650 1 7 _aالرحلات و السفر
942 _2ddc
_cBK
999 _c33805
_d33805